Movies Quiz

Random Movies Quiz
Score 0/220 Timer 10:00
0 Plays Today
Lyric % Correct
You
100%
that
100%
thing
100%
you
100%
do
100%
you
100%
do
100%
you
100%
You
100%
you
100%
do
100%
you
100%
do
100%
that
100%
thing
100%
you
100%
do
100%
you
100%
you
100%
That
100%
you
100%
you
100%
you
100%
you
100%
do
100%
you
100%
do
100%
that
100%
thing
100%
you
100%
do
100%
you
100%
you
100%
you
100%
you
100%
you
100%
that
100%
thing
100%
that
100%
thing
100%
you
100%
that
100%
thing
100%
you
100%
do
100%
a
98.3%
And
98.3%
to
98.3%
the
98.3%
and
98.3%
to
98.3%
to
98.3%
the
98.3%
And
98.3%
a
98.3%
to
98.3%
the
98.3%
to
98.3%
And
98.3%
and
98.3%
to
98.3%
to
98.3%
a
98.3%
the
98.3%
And
98.3%
the
98.3%
to
98.3%
And
98.3%
to
98.3%
And
98.3%
doin
96.6%
I
96.6%
I
96.6%
I
96.6%
Lyric % Correct
I
96.6%
I
96.6%
I
96.6%
I
96.6%
I
96.6%
doin'
96.6%
doin'
96.6%
I
96.6%
doin'
96.6%
my
93.2%
just
93.2%
so
93.2%
just
93.2%
so
93.2%
for
93.2%
just
93.2%
so
93.2%
just
93.2%
just
93.2%
be
91.5%
girl
91.5%
but
91.5%
be
91.5%
be
91.5%
be
91.5%
girl
91.5%
but
91.5%
girl
91.5%
but
91.5%
girl
91.5%
it
91.5%
be
91.5%
be
91.5%
it
91.5%
can't
89.8%
see
89.8%
can't
89.8%
can't
89.8%
see
89.8%
see
89.8%
can't
89.8%
heart
88.1%
into
88.1%
million
88.1%
pieces
88.1%
always
88.1%
try
88.1%
try
88.1%
forget
88.1%
it's
88.1%
hard
88.1%
me
88.1%
me
88.1%
try
88.1%
try
88.1%
forget
88.1%
it's
88.1%
hard
88.1%
It's
88.1%
me
88.1%
me
88.1%
me
88.1%
go
88.1%
like
86.4%
time
86.4%
time
86.4%
Breaking
84.7%
know
84.7%
know
84.7%
with
84.7%
know
84.7%
with
84.7%
with
84.7%
know
84.7%
Lyric % Correct
Every
83.1%
If
83.1%
keep
83.1%
Every
83.1%
If
83.1%
keep
83.1%
if
83.1%
Every
83.1%
don't
81.4%
don't
81.4%
you're
81.4%
I've
79.7%
we
79.7%
we
79.7%
all
78%
one
78%
hold
78%
here
78%
one
78%
one
78%
hold
78%
here
78%
knew
76.3%
someone
76.3%
been
74.6%
going
74.6%
through
74.6%
you'll
74.6%
take
74.6%
hurts
74.6%
new
74.6%
day
74.6%
take
74.6%
cruel
72.9%
let
72.9%
happy
72.9%
let
72.9%
happy
72.9%
let
72.9%
around
72.9%
never
71.2%
about
71.2%
mine
71.2%
could
71.2%
only
71.2%
thing's
71.2%
love
71.2%
could
71.2%
only
71.2%
even
69.5%
games
69.5%
play
69.5%
I'm
69.5%
sure
69.5%
anymore
69.5%
mean
67.8%
heartache
67.8%
way
67.8%
Cause
67.8%
you'd
67.8%
Cause
67.8%
got
67.8%
Cause
67.8%
you'd
67.8%
Cause
67.8%
lot
66.1%
someday
64.4%
ask
64.4%
gonna
61%
haven't
61%
find
59.3%
Well
57.6%
Remove Ads.
Support Sporcle.
Get the best of Sporcle when you Go Orange. This ad-free experience offers more features, more stats, and more fun while also helping to support Sporcle. Thank you for becoming a member.

You're not logged in!

Compare scores with friends on all Sporcle quizzes.
OR
Log In

Show Comments

Extras

Created Dec 25, 2014SourceReportNominate

Top Quizzes Today


Score Distribution

Your Account Isn't Verified!

In order to create a playlist on Sporcle, you need to verify the email address you used during registration. Go to your Sporcle Settings to finish the process.

Report this User

Report this user for behavior that violates our Community Guidelines.

Details: